|
|
|
|
| LEADER |
00000nab a2200000 ar4500 |
| 001 |
vtls009469357 |
| 003 |
SK-MaSNL |
| 005 |
20260303220020.0 |
| 008 |
090205c2009 xo mr|p|||||||000 b|slo |
| 015 |
|
|
|a SNBRB2009/02
|2 snkbucl
|
| 038 |
|
|
|a SNKBUCL
|
| 040 |
|
|
|a SNKBUCL
|b slo
|c SNKBUCL
|e AACR2
|
| 041 |
0 |
|
|a slo
|
| 044 |
|
|
|a xo
|c SK
|
| 080 |
|
|
|a 791.633-051
|2 2001
|
| 100 |
1 |
|
|a Čorná, Tina,
|d 1965-
|4 aut
|4 ivr
|9 241807
|
| 245 |
1 |
0 |
|a Ľudia žijú banálnosťou
|c Tina Čorná, Jan Hřebejk
|
| 300 |
|
|
|b Fotogr.
|
| 600 |
1 |
7 |
|a Hřebejk, Jan,
|d 1967-
|2 snkbucl
|9 102321
|
| 655 |
|
7 |
|a rozhovory
|2 snkbucl
|9 31831
|
| 700 |
1 |
|
|a Hřebejk, Jan,
|d 1967-
|4 aut
|4 ive
|9 102321
|
| 773 |
0 |
|
|t Žurnál
|g Roč. III, č. 5 (2009), s. 38-43
|x 1337-219X
|
| 852 |
|
|
|a SNK
|b KIS3GCP
|
| 958 |
|
|
|a BC
|
| 999 |
|
|
|c 2224588
|d 2226518
|